banner-ar

الحماية الجنائية لبطاقات الائتمان الممغنطة : (Record no. 60343)

MARC details
000 -الفاتح
حقل البيانات ثابتة الطول 01043nam a22002537a 4500
005 - وقت وتاريخ اخر تعامل مع التسجيلة
رقم الضبط 20240530110405.0
008 - عناصر البيانات ثابتة الطول - معلومات عامة
حقل البيانات ثابتة الطول 150201s2012 ua g 000 0 ara d
017 ## - رقم الايداع القانونى
رقم الايداع القانونى 2011/1692
المصدر ( الهيئة المختصة) مصر . دار الكتب المصرية
020 ## - الرقم الدولى المعيارى للكتب
الرقم الدولى المعيارى للكتاب 9789774382086
040 ## - مصدر الفهرسة
وكالة الفهرسة الأصلية EG-CaGPL
041 0# - رمز اللغة
رمز لغة النص/ المسارات الصوتية أو العنوان الانفرادي ara
082 04 - رقم تصنيف ديوى العشرى
رقم الطبعة 21
رقم التصنيف 346.073\
رقم المادة ح ح
100 0# - المدخل الرئيسى - إسم شخصى
الإسم الشخصى حنان ريحان مبارك المضحكى
245 12 - بيان العنوان
العنوان الحماية الجنائية لبطاقات الائتمان الممغنطة :
بقية العنوان دراسة مقارنة /
بيان المسئوليه,etc حنان ريحان مبارك المضحكى
260 ## - PUBLICATION, DISTRIBUTION, ETC. (IMPRINT)
تاريخ النشر أو التوزيع 2012
300 ## - الوصف المادى
التعداد 228 ص ؛
أبعاد الوعاء 24 سم
504 ## - تبصرة ببليوجرافية
تبصرة ببليوجرافية,الخ ببليوجرافية : ص 215 - 225
650 04 - المدخل الاضافى بالموضوع-مصطلح موضوعى
مصطلح موضوعي بطاقات الائتمان
650 04 - المدخل الاضافى بالموضوع-مصطلح موضوعى
مصطلح موضوعي البطاقات المصرفية
650 04 - المدخل الاضافى بالموضوع-مصطلح موضوعى
مصطلح موضوعي بطاقات الائتمان
التقسيم الفرعي العام حماية
650 04 - المدخل الاضافى بالموضوع-مصطلح موضوعى
مصطلح موضوعي بطاقات الائتمان
التقسيم الفرعي العام قوانين وتشريعات
942 ## - عناصر المدخل الإضافي( كوها)
مصدر التصنيف او مخطط الترفيف Dewey Decimal Classification
Koha [default] item type كتاب
260 ## - PUBLICATION, DISTRIBUTION, ETC. (IMPRINT)
-- الاسكندرية :
-- المكتب الجامعى الحديث ،
Holdings
حالة التراجع حالة الفقد حالة تلف ليس للاعارة المكان المؤقت الموقع الحالى تاريخ الاكتساب اجمالي اﻻعارات رقم الطلب الباركود تاريخ اخر مشاهدة تاريخ تفعيل السعر نوع وعاء كوها
        مكتبة القاهرة الكبرى مكتبة القاهرة الكبرى 02/01/2015   346.073\ ح ح 159370 02/01/2015 02/01/2015 كتاب

Powered By

EGPV